[Event "North American Blitz op 30th"]
[Site "ICC INT"]
[Date "2020.12.31"]
[Round "5"]
[White "Heesters, Pieter S"]
[Black "Chasin, Nico Werner"]
[Result "0-1"]
[WhiteElo "2007"]
[BlackElo "2292"]
[PlyCount "76"]
[EventDate "2020.12.31"]
[EventType "swiss (blitz)"]
[EventRounds "11"]
[EventCountry "USA"]
[SourceTitle "CBM 200 Extra"]
[Source "ChessBase"]
[SourceDate "2021.03.31"]
[SourceVersion "1"]
[SourceVersionDate "2021.03.31"]
[SourceQuality "1"]

1. d4 Nf6 2. Bg5 d5 3. Bxf6 exf6 4. e3 c6 5. Nd2 Bd6 6. g3 0-0 7. Bg2 Re8 8. Ne2 Nd7 9. 0-0 f5 10. c4 dxc4 11. Nxc4 Bc7 12. Nc3 Nf6 13. h4 Be6 14. Nd2 h6 15. Nf3 Ne4 16. Nxe4 fxe4 17. Nd2 f5 18. Bh3 Qf6 19. b4 g5 20. hxg5 hxg5 21. Nb3 Qh6 22. Bg2 Kf7 23. Qe2 Rh8 24. Rfc1 Qh2+ 25. Kf1 f4 26. exf4 Bh3 27. Qc4+ Kg7 28. Bxh3 Qh1+ 29. Ke2 Qf3+ 30. Ke1 Rxh3 31. Qe2 gxf4 32. Qxf3 exf3 33. g4 Re8+ 34. Kd2 Re2+ 35. Kd3 Rxf2 36. Nc5 Re2 37. Re1 Rxe1 38. Rxe1 f2+ 0-1